书目信息 |
| 题名: |
材料的物理性能
|
|
| 作者: | 龙毅, 主编 | |
| 分册: | ||
| 出版信息: | 北京 高等教育出版社 2019.04 |
|
| 页数: | 210页 | |
| 开本: | 26cm | |
| 丛书名: | 材料科学与工程著作系列 | |
| 单 册: | ||
| 中图分类: | TB303 | |
| 科图分类: | ||
| 主题词: | 工程材料--gong cheng cai liao--物理性能 | |
| 电子资源: | ||
| ISBN: | 978-7-04-051245-8 | |
| 000 | 01035nam 2200265 450 | |
| 001 | 202019133892 | |
| 005 | 20191002113833.0 | |
| 010 | @a978-7-04-051245-8@dCNY28.20 | |
| 100 | @a20190928d2019 em y0chiy50 ea | |
| 101 | 0 | @achi |
| 102 | @aCN@b110000 | |
| 105 | @aa a 000yy | |
| 106 | @ar | |
| 200 | 1 | @a材料的物理性能@Acai liao de wu li xing neng@f主编龙毅 |
| 210 | @a北京@c高等教育出版社@d2019.04 | |
| 215 | @a210页@c图@d26cm | |
| 225 | 2 | @a材料科学与工程著作系列@Acai liao ke xue yu gong cheng zhu zuo xi lie |
| 320 | @a有书目 | |
| 330 | @a本书共分6章。第1章简明地论述了固体材料中的电子能量结构和状态。第2章至第6章分别介绍了材料的热学性能、导电性能、介电性能、磁学性能和光学性能, 内容涵盖了材料各种物理性能的物理学概念及微观机制, 材料成分、组织结构与物理性能的关系及主要制约规律。 | |
| 410 | 0 | @12001 @a材料科学与工程著作系列 |
| 606 | 0 | @a工程材料@Agong cheng cai liao@x物理性能 |
| 690 | @aTB303@v5 | |
| 701 | 0 | @a龙毅,@Along yi@f1955-@4主编 |
| 801 | 0 | @aCN@c20190905 |
| 905 | @a河南城建学院图书馆@dTB303@eL766-2 | |
| 材料的物理性能/主编龙毅.-北京:高等教育出版社,2019.04 |
| 210页:图;26cm.-(材料科学与工程著作系列) |
| ISBN 978-7-04-051245-8:CNY28.20 |
| 本书共分6章。第1章简明地论述了固体材料中的电子能量结构和状态。第2章至第6章分别介绍了材料的热学性能、导电性能、介电性能、磁学性能和光学性能, 内容涵盖了材料各种物理性能的物理学概念及微观机制, 材料成分、组织结构与物理性能的关系及主要制约规律。 |
| ● |
| 相关链接 |
|
|
|
正题名:材料的物理性能
索取号:TB303/L766-2
 
预约/预借
| 序号 | 登录号 | 条形码 | 馆藏地/架位号 | 状态 | 备注 |
| 1 | 1441469 | 214414695 | 自科库501/501自科库 12排2列4层/ [索取号:TB303/L766-2] | 在馆 | |
| 2 | 1441470 | 214414702 | 自科库501/501自科库 12排2列4层/ [索取号:TB303/L766-2] | 在馆 |